PBA US Open Winner By the Year - Statistics

General Stats
  • This quiz has been taken 42 times
  • The average score is 12 of 23
Answer Stats
Hint Answer % Correct
2020 Jason Belmonte
100%
2023 EJ Tackett
87%
2024 Kyle Troup
87%
2011-2012 Pete Weber
87%
2006-2007 Pete Weber
87%
2003-2004 Pete Weber
87%
2010-2011 Norm Duke
70%
2007-2008 Norm Duke
70%
2022 Anthony Simonsen
67%
2009-2010 Bill O'Neil
60%
2004-2005 Chris Barnes
60%
2021 Chris Via
47%
2002-2003 Walter Ray Williams Jr.
40%
2019 Francois Lavoie
37%
2016 Francois Lavoie
37%
2012-2013 Wes Malott
33%
2018 Dom Barrett
30%
2005-2006 Tommy Jones
30%
2001-2002 Mika Koivuniemi
27%
2008-2009 Mike Scroggins
27%
2017 Rhino Page
27%
2000 Robert Smith
23%
2015 Ryan Ciminelli
23%
No matching quizzes found
Score Distribution
Percent of People with Each Score
Percentile by Number Answered
Your Score History
You have not taken this quiz